[Event "Reykjavik op"]
[Site "Reykjavik"]
[Date "2025.04.15"]
[Round "9"]
[White "Martin, Alix"]
[Black "Borne, Maxim"]
[Result "1/2-1/2"]
[WhiteElo "1807"]
[BlackElo "1569"]
[PlyCount "147"]
[EventDate "2025.04.09"]
[EventType "swiss"]
[EventRounds "9"]
[EventCountry "ISL"]
[SourceTitle "CB17_2025"]
[SourceDate "2025.04.23"]
[SourceVersion "1"]
[SourceVersionDate "2025.04.23"]
[SourceQuality "1"]

1. e4 c5 2. Nf3 Nc6 3. Bb5 g6 4. 0-0 Bg7 5. Re1 e5 6. Bxc6 dxc6 7. d3 Qe7 8. Nbd2 Nh6 9. a3 f6 10. b4 cxb4 11. axb4 Nf7 12. Nc4 0-0 13. Nb6 Rb8 14. Nxc8 Rfxc8 15. Rxa7 Qxb4 16. Nd2 Ra8 17. Rxa8 Rxa8 18. Nb3 Nd8 19. Bd2 Qb6 20. Qg4 Qc7 21. Ra1 Rxa1+ 22. Nxa1 Kf7 23. Nb3 Ne6 24. Qd1 Qb6 25. Qa1 Qa6 26. Qxa6 bxa6 27. c3 f5 28. f3 fxe4 29. fxe4 Ke7 30. Kf2 Kd7 31. Be3 Kd6 32. g3 c5 33. Ke2 Kc6 34. Kd2 Kb5 35. Kc2 a5 36. Kb2 a4 37. Nd2 Bf8 38. Nc4 Bg7 39. Ka3 Nc7 40. Nb2 Bf8 41. c4+ Kc6 42. Nxa4 Na6 43. Bd2 Nc7 44. Kb3 Ne6 45. Be3 Be7 46. Nc3 Bg5 47. Bf2 Bd8 48. Kc2 Ng5 49. Kd1 Nh3 50. Ke2 g5 51. g4 Nf4+ 52. Ke3 Ng2+ 53. Kf3 Nf4 54. Ke3 Ng2+ 55. Kd2 Ba5 56. Kc2 Bxc3 57. Kxc3 Kd6 58. Kd2 h6 59. Bg3 Ke6 60. Kc3 Kd6 61. Kd2 Ke6 62. Ke2 Kd6 63. Bf2 Nf4+ 64. Kd2 Nh3 65. Be1 Nf4 66. h4 Ng2 67. hxg5 Nxe1 68. Kxe1 hxg5 69. Kd2 Kc6 70. Kc3 Kb6 71. Kb3 Ka5 72. Ka3 Kb6 73. Ka4 Ka6 74. Kb3 1/2-1/2

[Event "Reykjavik op"]
[Site "Reykjavik"]
[Date "2025.04.10"]
[Round "2"]
[White "Borne, Maxim"]
[Black "Frey, Charles F"]
[Result "1-0"]
[WhiteElo "1569"]
[BlackElo "1871"]
[PlyCount "89"]
[EventDate "2025.04.09"]
[EventType "swiss"]
[EventRounds "9"]
[EventCountry "ISL"]
[SourceTitle "CB17_2025"]
[SourceDate "2025.04.23"]
[SourceVersion "1"]
[SourceVersionDate "2025.04.23"]
[SourceQuality "1"]

1. d4 Nf6 2. c4 e6 3. Nf3 b6 4. g3 Bb7 5. Bg2 Be7 6. 0-0 0-0 7. Qc2 c5 8. e3 Nc6 9. Rd1 Nb4 10. Qe2 cxd4 11. exd4 d5 12. a3 Nc6 13. Ne5 Rc8 14. Nc3 dxc4 15. Be3 Nd5 16. Bh3 a6 17. Nxf7 Kxf7 18. Qh5+ Kg8 19. Bxe6+ Kh8 20. Nxd5 g6 21. Qh3 Ra8 22. Bh6 Rf3 23. Nf4 Qe8 24. Bxc4 Bf6 25. Re1 Ne7 26. Bd3 Bxd4 27. Nxg6+ Qxg6 28. Bxg6 Bxf2+ 29. Kf1 Nxg6 30. Qd7 Bc5+ 31. Ke2 Rf2+ 32. Kd3 Rf3+ 33. Kc2 Rf2+ 34. Kb1 Rg8 35. Qxb7 Bd4 36. Bc1 Rxh2 37. Qxa6 Rf8 38. Qd3 Bg7 39. Re2 Rh3 40. Qd6 Rf3 41. Qxb6 Rhxg3 42. Rf2 Be5 43. Rxf3 Rxf3 44. Ka2 Rh3 45. Qd8+ 1-0

[Event "Reykjavik op"]
[Site "Reykjavik"]
[Date "2025.04.10"]
[Round "3"]
[White "Skjoldebrand, Martin"]
[Black "Borne, Maxim"]
[Result "1/2-1/2"]
[WhiteElo "1856"]
[BlackElo "1569"]
[PlyCount "57"]
[EventDate "2025.04.09"]
[EventType "swiss"]
[EventRounds "9"]
[EventCountry "ISL"]
[SourceTitle "CB17_2025"]
[SourceDate "2025.04.23"]
[SourceVersion "1"]
[SourceVersionDate "2025.04.23"]
[SourceQuality "1"]

1. d4 Nf6 2. Bg5 d5 3. Bxf6 gxf6 4. e3 Bf5 5. Bd3 Bg6 6. f4 Be4 7. Bxe4 dxe4 8. Nd2 f5 9. Qh5 e6 10. Nh3 h6 11. 0-0-0 Nd7 12. Nc4 Nf6 13. Qe2 Nd5 14. Ne5 Qe7 15. Rhe1 0-0-0 16. Qh5 Rg8 17. c4 Nb4 18. a3 Nd3+ 19. Nxd3 exd3 20. g3 Qf6 21. Rxd3 Bg7 22. Qe2 c5 23. Red1 cxd4 24. Rxd4 Qe7 25. Rxd8+ Rxd8 26. Rxd8+ Qxd8 27. Nf2 Qc7 28. Kb1 Qc6 29. Nd1 1/2-1/2

[Event "Reykjavik op"]
[Site "Reykjavik"]
[Date "2025.04.09"]
[Round "1"]
[White "Nergard, Ole Kristian"]
[Black "Borne, Maxim"]
[Result "1-0"]
[WhiteElo "1863"]
[BlackElo "1569"]
[PlyCount "93"]
[EventDate "2025.04.09"]
[EventType "swiss"]
[EventRounds "9"]
[EventCountry "ISL"]
[SourceTitle "CB17_2025"]
[SourceDate "2025.04.23"]
[SourceVersion "1"]
[SourceVersionDate "2025.04.23"]
[SourceQuality "1"]

1. c4 Nf6 2. g3 g6 3. Nf3 Bg7 4. Bg2 0-0 5. d4 d6 6. Nc3 Nbd7 7. 0-0 e5 8. e4 c5 9. d5 a6 10. a4 Ne8 11. Bg5 f6 12. Bd2 f5 13. exf5 gxf5 14. Bg5 Ndf6 15. Qd2 e4 16. Nh4 Qc7 17. f3 exf3 18. Rxf3 Ng4 19. Bf4 Ne5 20. Bxe5 Bxe5 21. Raf1 Ng7 22. Bh3 Qf7 23. Qg5 Bf6 24. Qh6 Be5 25. Bxf5 Bxf5 26. Nxf5 Nxf5 27. Rxf5 Qxf5 28. Rxf5 Rxf5 29. Qe6+ Rf7 30. Ne4 Rd8 31. Ng5 Rdd7 32. Nxf7 Rxf7 33. Kg2 Kg7 34. h4 Rf6 35. Qe7+ Rf7 36. Qg5+ Kh8 37. h5 Rg7 38. Qd8+ Rg8 39. Qd7 Rxg3+ 40. Kf2 Rb3 41. h6 Rxb2+ 42. Kf3 Rb3+ 43. Ke4 Rg3 44. Qxb7 Rg4+ 45. Ke3 Kg8 46. Qc8+ Kf7 47. Qxg4 1-0